000 00618nam a2200265Ia 4500
005 20260121170047.0
008 008 260114s9999 xx 000 0 eng d
020 _a9784431543640
037 _aEBOOK
040 _aCRL
040 _beng
040 _cCRL
041 _2eng
041 _aeng
084 _qCRL
100 _aHajime Kayanne
_91059327
245 0 _aCoral Reef Science
260 _bSpringer
260 _bSpringer
260 _c2016
856 _uhttps://link.springer.com/openurl?genre=book&isbn=978-4-431-54364-0
942 _cEBOOK
999 _c1625056
_d1625056